The art of tough : fearlessly facing politics and ... Read More
Available copies
- 1 of 1 copy available at LARL/NWRL Consortium.
- 1 of 1 copy available at Lake Agassiz Regional Library. (Show preferred library)
Current holds
0 current holds with 1 total copy.
Show Only Available Copies
| Location | Call Number / Copy Notes | Barcode | Shelving Location | Status | Due Date |
|---|---|---|---|---|---|
| Crookston Public Library | 921 BOX (Text) | 33500012364402 | Main | Available | - |
Record details
- ISBN: 9780316311465
- ISBN: 0316311464
- Physical Description: xii, 274 pages, 8 unnumbered pages of plates : ... Read More
- Edition: First edition.
- Publisher: New York, NY : Hachette Books, 2016.
Content descriptions
| Bibliography, etc. Note: | Includes bibliographical references (pages ... Read More |
| Formatted Contents Note: | The first lesson of tough -- Love, California, and ... Read More |
| Summary, etc.: | Barbara Boxer has made her mark, combining ... Read More |
Search for related items by subject
| Subject: | Boxer, Barbara. Women > Political activity > United States. Women legislators > United States. |
| Genre: | Autobiographies. |
| LDR | 02258cam a2200385Ia 4500 | ||
|---|---|---|---|
| 001 | 201254 | ||
| 003 | LARL_NWRL_CONSORTIUM | ||
| 005 | 20160602150522.0 | ||
| 008 | 151010s2016 nyuaf b 000 0aeng d | ||
| 020 | . | ‡a9780316311465 | |
| 020 | . | ‡a0316311464 | |
| 035 | . | ‡a(OCoLC)923793092 | |
| 043 | . | ‡an-us--- | |
| 082 | 0 | 4. | ‡a328.73/092 ‡aB ‡223 |
| 100 | 1 | . | ‡aBoxer, Barbara. ‡0(LARL_NWRL_CONSORTIUM)186277 |
| 245 | 1 | 4. | ‡aThe art of tough : ‡bfearlessly facing politics and life / ‡cBarbara Boxer. |
| 250 | . | ‡aFirst edition. | |
| 260 | . | ‡aNew York, NY : ‡bHachette Books, ‡c2016. | |
| 300 | . | ‡axii, 274 pages, 8 unnumbered pages of plates : ‡bcolor illustrations ; ‡c24 cm | |
| 336 | . | ‡atext ‡btxt ‡2rdacontent | |
| 337 | . | ‡aunmediated ‡bn ‡2rdamedia | |
| 338 | . | ‡avolume ‡bnc ‡2rdacarrier | |
| 504 | . | ‡aIncludes bibliographical references (pages [273]-274). | |
| 505 | 0 | . | ‡aThe first lesson of tough -- Love, California, and the war that changed everything -- At home in the House -- An unsettling time: AIDS, sexual harassment, and the Senate -- From an asterisk in the polls to Senator -- Crashing the old boys' club -- The insanity of impeachment, a stolen election, the horrors of 9/11 and Iraq -- Unforgettable colleagues, a lonely dissent, and the best election ever -- The crash, leaders, sexual harassment 2.0, and the sudden partisanship of the environment -- The end and a beginning. |
| 520 | . | ‡aBarbara Boxer has made her mark, combining compassionate advocacy with scrappiness in a political career spanning more than three decades. Now, retiring from the Senate, she continues the work to which she's dedicated 30 years in Congress. Her memoir shares her provocative and touching recollections of service, and cements her commitment to the fight for women, families, quality, environmental protection, all in a peaceful world. | |
| 600 | 1 | 0. | ‡aBoxer, Barbara. ‡0(LARL_NWRL_CONSORTIUM)186277 |
| 650 | 0. | ‡aWomen ‡xPolitical activity ‡zUnited States. ‡0(LARL_NWRL_CONSORTIUM)168069 | |
| 650 | 0. | ‡aWomen legislators ‡zUnited States. ‡0(LARL_NWRL_CONSORTIUM)40371 | |
| 655 | 7. | ‡aAutobiographies. ‡2lcgft | |
| 901 | . | ‡a201254 ‡bOCoLC ‡c201254 ‡tbiblio ‡soclc | |

Add to basket
Permalink
Disable Highlighting